Random Hebrew Words - Statistics

General Stats
  • This quiz has been taken 168 times
  • The average score is 3 of 5
Answer Stats
Hebrew English % Correct
שעון Clock
88%
לשון Tongue
74%
ענן Cloud
73%
קומה Floor
63%
אסם Barn
34%
No matching quizzes found
Score Distribution
Percent of People with Each Score
Percentile by Number Answered
Your Score History
You have not taken this quiz